01091nam a2200277 a 450000500170000000800410001702000240005803700210008204000180010308200060012110000340012724500740016126000340023530000310026949000220030050000290032252001780035165000320052965000240056165000260058565000220061170000170063394200200065099900170067095201260068720091211140440.0041015s2005 nyua b 000 1 eng  a0375829512 c100.00 bBlueberry Books  adplbEnglish  aS aGreenburg, J. C.q(Judith C.) aWith the dinosaurs / cby J.C. Greenburg ; illustrated by Jan Gerardi aNew York bRandom Housec2005 a85 p. :bill. c20 cm(pbk) aAndrew lost ;v11 a"A Stepping Stone book." aWhen Beeper accidentally releases the escape hatch to the Time-a-Tron, the time travelers must protect themselves from the world's most fearsome creature, Tyrannosaurus rex. aTyrannosaurus rexvFiction. aDinosaursvFiction. aTime travelvFiction. aCousinsvFiction. aGerardi, Jan 2ddccCHhSmGRE c32546d32546 00102ddc407-18FICaAGbAGd2009-12-11eBlueberry Booksg100.00l0oS GREr2009-12-11 00:00:00v100.00w2009-12-11yCH